Quiz McWalter - Statistiques

Statistiques générales
  • Ce quiz a été pris 10 fois
  • Le résultat moyen est 13 sur 24
Statistiques - réponses
Questions Réponses % Correct
Combien de personnes Rodney a-t-il dépecé à l'opinel le matin même de l'interrogatoire ? 4
100%
Le dimanche 28, dans quelle fameuse chaîne de restaurants française Rodney est-il allé manger ? Flunch
88%
Sur quel jeu pour enfant McWalter rédige-t-il le procès-verbal de l'interrogatoire ? Adibou
75%
Quelle est l'abréviation du Monkey Ocean New Key Universal ? MONKU
75%
Avec quel célèbre rappeur américain décédé depuis plus de 20 ans Christophe est-elle en couple ? Tupac
75%
Dans MCWALTER 3, où McWalter prétend-il aller pour dire au revoir à sa famille ? Casto
63%
Comment s'appelle la partenaire que choisit Ronaldo Di Biaggio pour McWalter ? Christophe
63%
Dans l'épisode de la menace Kibuja, avec quelle bombe le gang du même nom menace-t-il l'humanité ? La BITAUQ
63%
Comment s'appelle la drogue de synthèse matérialisée par un tee-shirt ? Le chibre
63%
Que portait le père de Vanessa ce jour-là ? Un polo Lacoste
63%
Comment s'appelle le cousin de Rodney que McWalter montre en photo ? Félix
50%
Quelle expression McWalter utilise-t-il pour décrire Vanessa ? Oh les tétés
50%
Quel est le sobriquet utilisé par McWalter pour infiltrer le gang ? Spiderman le 2
50%
De quel objet le membre des Kibuja mentionné précédemment a-t-il une grande phobie, ce même objet qui sauve McWalter d'une balle ? Une éponge
50%
Qui est Son Kee-Kee ? Un riche investisseur népalais
50%
Depuis combien de temps McWalter suit-il Rodney et sait-il tout de lui ? 3 mois
38%
Comment s'appelle l'inventeur du vidéoprojecteur ? Donovan Ongle
38%
Sur quel support se trouvent toutes les informations relatives à la mission de McWalter ? Du papier
38%
Comment s'appelle le membre de la Kibuja interpelé par McWalter ? Dwayne Toplexil
38%
En tant qu'agent octuple, pour qui la partenaire de McWalter a-t-elle déjà travaillé ? FBI CIA KGB SCH MHD PNL NTM Google SNCF
38%
Comment s'appelle le gang ennemi des Yakuzas ? Mikozokuy
38%
Quel est le dernier mot de McWalter face à Ronaldo Di Biaggio ? monégasque
38%
Quelle phrase culte dit McWalter juste après avoir couché avec une américaine ? Nice to meet you
38%
Comment s'appelle le cousin de Yolando Di Biaggio, connu des services de police pour être un man spreading récidiviste ? Tournedos Gaspacho
25%
Aucun quiz correspondant
Distribution des résultats
% des personnes avec chaque résultat
Percentile par nombre de réponses
Votre historique - résultats
Vous n’avez pas pris ce quiz